=LDR 00000nam 2200000 4500 =001 INLIS000000000056124 =005 20200901091156 =035 ##$$a 0010-0820000265 =245 1#$$a Gerakan dakwah Islam dalam perspektif kerukunan umat beragama /$c editor, M.Yusuf Asry =100 #$$a M.Yusuf Asry =250 ##$$a cet.1 =300 ##$$a xxv,350 hlm. ; $c 21 x 14 cm =260 ##$$a Jakarta :$b Badan Litbang dan Diklat Kementrian Agama RI,$c 2012. =082 ##$$a 2x7.2 =084 ##$$a 2x7.2 GER g =020 ##$$a 978-602-8739-08-5 =600 #4$$a Dakwah Islam =504 ##$$a Bibliografi :hlm.349-350 =008 200901################g##########0#ind## =990 ##$$a 31200302